000 00614nam a2200205Ia 4500
005 20250508160745.0
008 008 250505s9999 xx 000 0 eng d
020 _a0-7100-7515-4
037 _aTextual
040 _aFEDL
_beng
_cFEDL
041 _aeng
_2eng
084 _a371.3, MCF
_qFEDL
100 _aMcFarland H S N
_9599588
245 0 _aIntelligent teaching : Professional skills for student teachers
260 _aLondon, UK
_bRoutledge and Kegan Paul
_c1973
300 _aix,145p.
650 _aTeacher - Technique
_9755755
942 _cTEXL
_h371.3, MCF
999 _c1366444
_d1366444